CLASSICAL MECHANICS (Record no. 17467)
[ view plain ]
| 000 -LEADER | |
|---|---|
| fixed length control field | 00501cam a2200205ua 4500 |
| 008 - FIXED-LENGTH DATA ELEMENTS--GENERAL INFORMATION | |
| fixed length control field | 060101n2010 II |||gr||||Z||||||eng |
| 020 ## - INTERNATIONAL STANDARD BOOK NUMBER | |
| International Standard Book Number | 978 0 07 460315 4 |
| 040 ## - CATALOGING SOURCE | |
| Original cataloging agency | MAIN |
| 041 ## - LANGUAGE CODE | |
| -- | English |
| 082 ## - DEWEY DECIMAL CLASSIFICATION NUMBER | |
| Classification number | 531 RAN |
| 100 ## - MAIN ENTRY--PERSONAL NAME | |
| Personal name | RANA, N.C. |
| 245 ## - TITLE STATEMENT | |
| Title | CLASSICAL MECHANICS |
| 250 ## - EDITION STATEMENT | |
| Edition statement | 28. |
| 260 ## - PUBLICATION, DISTRIBUTION, ETC. | |
| Place of publication, distribution, etc. | NEW DELHI |
| Name of publisher, distributor, etc. | TATA MCGREW HILL PUBLISHING CO. |
| Date of publication, distribution, etc. | 2010 |
| 300 ## - PHYSICAL DESCRIPTION | |
| Extent | 607: |
| Dimensions | 21CM. |
| 700 ## - ADDED ENTRY--PERSONAL NAME | |
| Personal name | JOAG, P.C. |
| 942 ## - ADDED ENTRY ELEMENTS (KOHA) | |
| Koha item type | Books |
| 653 ## - INDEX TERM--UNCONTROLLED | |
| Uncontrolled term | Classical mechanics solid mechanics |
| Withdrawn status | Lost status | Damaged status | Not for loan | Collection code | Home library | Current library | Shelving location | Date acquired | Full call number | Barcode | Date last seen | Copy number | Price effective from | Koha item type |
|---|---|---|---|---|---|---|---|---|---|---|---|---|---|---|
| REFPHY | Central Library and Information Centre Sibsagar Girls College | Central Library and Information Centre Sibsagar Girls College | Physics Rack | 13.08.2011 | 531 RAN | 26713 | 27.02.2020 | 1 | 27.02.2020 | Books |